000 00793nam a22002657a 4500
003 UA-OsUOA
001 36945
007 ta
008 20060217b un ||||| |||| 00| 0 ukr d
090 _a82
_bС11
942 _cMG
040 _aUA-OsUOA
_bukr
_cUA-OsUOA
_dUA-OsUOA
245 _aСучасність
_bЛітература, мистецтво, наука, суспільне життя
_cГол. ред.Римарук І.
300 _a160 с.
955 _a4
041 _aukr
080 _a82
022 _a0585-8365
260 _aК.
246 3 1 _aЩомісячний часопис незалежної української думки
_n
044 _aUA
962 _a1961
099 _a74459
650 7 _a82 Література. Літературознавство
_2UDC
999 _c323166
_d323166